000 01337nam a2200349 4500
001 12462042
005 20150508093022.0
007 000
008 000
010 _a 2001044139
020 _a0073660116
020 _a0071122567
040 _aUOEL
_cDLC
_dDLC
050 0 0 _aQA273
_b.P2 2002
082 0 0 _a519.2
_221
100 1 _aPapoulis, Athanasios,
_d1921-
245 1 0 _aProbability, random variables, and stochastic processes /
_cAthanasios Papoulis, S. Unnikrishna Pillai.
250 _a4th ed.
260 _aBoston :
_bMcGraw-Hill,
_cc2002.
300 _ax, 852 p. :
_bill. ;
_c25 cm.
504 _aIncludes bibliographical references and index.
650 0 _aProbabilities.
_xMathematics
650 0 _aRandom variables.
_xMathematics
650 0 _aStochastic processes.
_xMathematics
700 1 _aPillai, S. Unnikrishna,
_d1955-
856 4 1 _3Table of contents only
_uhttp://www.loc.gov/catdir/enhancements/fy1011/2001044139-t.html
856 4 2 _3Publisher description
_uhttp://www.loc.gov/catdir/enhancements/fy1011/2001044139-d.html
856 4 2 _3Contributor biographical information
_uhttp://www.loc.gov/catdir/enhancements/fy1106/2001044139-b.html
906 _a7
_bcbc
_corignew
_d1
_eocip
_f20
_gy-gencatlg
942 _2lcc
_cLL
999 _c6922
_d6922